Calcutta Improvement Trust manual (corrected up to November 1951) (Record no. 488524)

000 -LEADER
fixed length control field 00351cam a22001097a 4500
008 - FIXED-LENGTH DATA ELEMENTS--GENERAL INFORMATION
fixed length control field 180718b1956 xxu||||| |||| 00| 0 eng d
082 ## - DEWEY DECIMAL CLASSIFICATION NUMBER
Classification number B73x5412 B436m/CIT
100 ## - MAIN ENTRY--PERSONAL NAME
Personal name West Bengal. Local Self-Government Department
245 ## - TITLE STATEMENT
Title Calcutta Improvement Trust manual (corrected up to November 1951)
260 ## - PUBLICATION, DISTRIBUTION, ETC.
Place of publication, distribution, etc. Alipore
Name of publisher, distributor, etc. The author
Date of publication, distribution, etc. 1956
300 ## - PHYSICAL DESCRIPTION
Extent 62p.
Holdings
Withdrawn status Lost status Damaged status Not for loan Permanent Location Current Location Date acquired Full call number Barcode Date last seen Price effective from Koha item type
        Indian Institute of Public Administration Indian Institute of Public Administration 2018-08-04 B73x5412 B436m/CIT G6058 2018-08-04 2018-08-04 G

Powered by Koha